Republic of Madagascar : Technical Assistance Report-Government Finance Statistics.

At the request of the Ministry of Economy and Finance (MEF) and in consultation with the Africa Department (AFR) of the International Monetary Fund (IMF), a remote Government Finance Statistics (GFS) mission from the Statistics Department (STA) took place in Madagascar from October 26 to November 13...

ver descrição completa

Detalhes bibliográficos
Autor Corporativo: International Monetary Fund. Statistics Dept
Formato: Periódico
Idioma:English
Publicado em: Washington, D.C. : International Monetary Fund, 2021.
Colecção:IMF Staff Country Reports; Country Report ; No. 2021/151
Assuntos:
Acesso em linha:Full text available on IMF
LEADER 01902cas a2200301 a 4500
001 AALejournalIMF021877
008 230101c9999 xx r poo 0 0eng d
020 |c 5.00 USD 
020 |z 9781513589282 
022 |a 1934-7685 
040 |a BD-DhAAL  |c BD-DhAAL 
110 2 |a International Monetary Fund.  |b Statistics Dept. 
245 1 0 |a Republic of Madagascar :   |b Technical Assistance Report-Government Finance Statistics. 
264 1 |a Washington, D.C. :  |b International Monetary Fund,  |c 2021. 
300 |a 1 online resource (41 pages) 
490 1 |a IMF Staff Country Reports 
500 |a <strong>Off-Campus Access:</strong> No User ID or Password Required 
500 |a <strong>On-Campus Access:</strong> No User ID or Password Required 
506 |a Electronic access restricted to authorized BRAC University faculty, staff and students 
520 3 |a At the request of the Ministry of Economy and Finance (MEF) and in consultation with the Africa Department (AFR) of the International Monetary Fund (IMF), a remote Government Finance Statistics (GFS) mission from the Statistics Department (STA) took place in Madagascar from October 26 to November 13, 2020. The objective of this mission was to continue supporting the authorities in their project to adopt international GFS standards based on the methodology of the Government Finance Statistics Manual 2014 (GFSM 2014) and the Public Sector Debt Statistics Guide (PSDSG) and to improve GFS in general. 
538 |a Mode of access: Internet 
650 7 |a International Agreements  |2 imf 
650 7 |a International Organizations  |2 imf 
650 7 |a Monetary Policy  |2 imf 
650 7 |a Observance  |2 imf 
651 7 |a Madagascar, Republic of  |2 imf 
830 0 |a IMF Staff Country Reports; Country Report ;  |v No. 2021/151 
856 4 0 |z Full text available on IMF  |u http://elibrary.imf.org/view/journals/002/2021/151/002.2021.issue-151-en.xml  |z IMF e-Library